00760nam a22002413 450000100060000000300080000600500170001400800370003103500340006804000350010204100080013708200220014510000240016724501050019125000120029626000380030830000260034650000200037265000450039270000350043770000260047275200200049819222BD-RjUL20211209000412.0140223s1922 enk 001 0 d aCD-0000971434a(BD-RjUL)19280 aBD-RjULbengcBD-RjULdBD-RjUL aeng a 820.9bWYI 19221 aWyatt, Alfred John.10aIntermediate text-book of English literature /b by A.J. Wyatt and W.H. Low, revised by C.M. Drennan a3rd ed. aLondon : c1922.bNew oxford St., axvi, 438 p. ;c17 cm. aIncludes index. aENGLISH LITERATURE HISTORY AND CRITICISM1 aDrennan, Charles Maxwell,eed.1 aLow, Walter Humboldt. aEnglanddLondon